Vybrané problémy samospráv pri aplikovaní infozákona

Zákon o slobodnom prístupe k informáciám ukladá obciam a mestám množstvo povinností. Na základe tzv. infožiadostí musia samosprávy poskytovať verejnosti veľký objem dát a dokumentov. Je preto pochopiteľné, že obce a mestá pri vybavovaní infožiadostí niekedy aj pochybia.

Salvato in:
Dettagli Bibliografici
Autore principale: Pirošík, Vladimír
Natura: Capitolo di libro
Lingua:slovacco
Soggetti:
Tags: Aggiungi Tag
Nessun Tag, puoi essere il primo ad aggiungerne!!

MARC

LEADER 00000naa a2200000 4500
001 0304607
005 20241015141733.0
041 0 |a slo 
044 |a SK 
245 1 0 |a Vybrané problémy samospráv pri aplikovaní infozákona  |c Vladimír Pirošík 
520 |a Zákon o slobodnom prístupe k informáciám ukladá obciam a mestám množstvo povinností. Na základe tzv. infožiadostí musia samosprávy poskytovať verejnosti veľký objem dát a dokumentov. Je preto pochopiteľné, že obce a mestá pri vybavovaní infožiadostí niekedy aj pochybia. 
610 2 0 |a obce 
610 2 0 |a ochrana údajov osobných 
610 2 0 |a sloboda informácií 
610 2 0 |a legislatíva 
610 2 0 |a novelizácia 
100 1 |a Pirošík, Vladimír